00948nam a2200241Ia 4500003000400000005001700004008004100021020001500062040001800077041000800095082002400103100003400127245011800161250001600279260004300295300002000338650004400358650005800402650002900460942003100489999001900520952016700539OSt20220122104359.0210716s2002 xx 000 0 und d a8173714126 cAIMIT LIBRARY aeng a332.02402 bLAMA21 aLamfalussy, Alexandre.912653 aFinancial Crises in Emerging Markets :bessay on Financial Globalisation and Fragility /bycAlexander Lamfalussy. a[1st. ed. ] aHyderabad:bUniversities Press,c2002. axx,199p.; 18cm. aFour crises in emerging markets.912654 aFinancial globalisation aggravate or alleviate913106 aCrisis prevention913107 2ddccBKe1k332.02402 LAMA c205376d205376 00102ddc40708MBAaAIMITbAIMITd2010-09-03g275.00iBill no:CR3199; Bill dt:2010-09-l0o332.02402 LAMApMBA07942r2026-05-23 00:00:00v275.00w2021-07-16yBK